| 000 | 00625nam a22001937a 4500 | ||
|---|---|---|---|
| 999 |
_c175323 _d175323 |
||
| 005 | 20200824125858.0 | ||
| 010 | _aENG-128374 | ||
| 020 |
_c650.00 _a9789353438890 |
||
| 035 | _aEN-111906 | ||
| 037 | _bDBAD/PUB | ||
| 082 | _a005.13 | ||
| 100 | _aSebesta,Robert W | ||
| 245 |
_aConcepts of Programming Languages/ _cby Robert W.Sebesta |
||
| 250 | _a11th ed. | ||
| 260 |
_aNoida _bPearson _c2020 |
||
| 270 |
_a15th floor,Tower-B,Word Trade Tower,Plot no.1,Block-C sec 16, _bNoida _e201301 _k04466540100 _mcompanysecretary.india@pearson.com |
||
| 300 |
_a785p. _c25cm(pbk) |
||
| 942 |
_2ddc _cEN _h005.13 _mSEB |
||